Иностранный язык (английский). Модуль 1. English for language fluency: электронный курс
| Autor principal: | |
|---|---|
| Autor corporatiu: | |
| Sumari: | Заглавие с экрана Курс предназначен для студентов 1 курса ИФВТ (1 семестр), охватывает темы, связанные с визитной карточкой современного студента, его интересами, хобби, образом жизни, обучением в университете. Доступ по логину и паролю |
| Idioma: | rus |
| Publicat: |
Томск, TPU Moodle, 2014
|
| Matèries: | |
| Accés en línia: | https://design.lms.tpu.ru/course/view.php?id=112 |
| Format: | Electrònic Llibre |
| KOHA link: | https://koha.lib.tpu.ru/cgi-bin/koha/opac-detail.pl?biblionumber=665285 |
MARC
| LEADER | 00000nlm0a2200000 4500 | ||
|---|---|---|---|
| 001 | 665285 | ||
| 005 | 20231215110338.0 | ||
| 035 | |a (RuTPU)RU\TPU\network\36484 | ||
| 035 | |a RU\TPU\network\36483 | ||
| 090 | |a 665285 | ||
| 100 | |a 20210909d2014 m y0rusy50 ca | ||
| 101 | 0 | |a rus | |
| 102 | |a RU | ||
| 105 | |a a j 000zy | ||
| 135 | |a jrcn ---uucaa | ||
| 181 | 0 | |a i | |
| 182 | 0 | |a b | |
| 200 | 1 | |a Иностранный язык (английский). Модуль 1. English for language fluency |e электронный курс |f Ю. П. Ажель |g Национальный исследовательский Томский политехнический университет, Институт физики высоких технологий, Кафедра иностранных языков Института физики высоких технологий | |
| 203 | |a Текст |c электронный | ||
| 210 | |a Томск |c TPU Moodle |d 2014 | ||
| 300 | |a Заглавие с экрана | ||
| 330 | |a Курс предназначен для студентов 1 курса ИФВТ (1 семестр), охватывает темы, связанные с визитной карточкой современного студента, его интересами, хобби, образом жизни, обучением в университете. | ||
| 333 | |a Доступ по логину и паролю | ||
| 606 | 1 | |a Английский язык |x Учебные руководства и пособия |x Учебные руководства и пособия для высшей школы |2 stltpush |3 (RuTPU)RU\TPU\subj\29071 |9 52483 | |
| 610 | 1 | |a электронный ресурс | |
| 610 | 1 | |a труды учёных ТПУ | |
| 610 | 1 | |a электронное обучение | |
| 610 | 1 | |a электронные курсы ТПУ | |
| 610 | 1 | |a электронные учебные пособия | |
| 610 | 1 | |a учебные пособия | |
| 610 | 1 | |a дистанционное образование | |
| 610 | 1 | |a дистанционное обучение | |
| 610 | 1 | |a student life | |
| 610 | 1 | |a daily routine | |
| 610 | 1 | |a accommodation | |
| 610 | 1 | |a personal identification fast food | |
| 610 | 1 | |a healthy lifestyle | |
| 610 | 1 | |a hobbies and leisure time | |
| 610 | 1 | |a illnesses and treatment | |
| 686 | |a Ш143.21-923 |2 rubbk | ||
| 700 | 1 | |a Ажель |b Ю. П. |c лингвист |c старший преподаватель Томского политехнического университета |f 1981- |g Юлия Петровна |3 (RuTPU)RU\TPU\pers\33139 |9 16960 | |
| 712 | 0 | 2 | |a Национальный исследовательский Томский политехнический университет |b Институт физики высоких технологий |b Кафедра иностранных языков Института физики высоких технологий |3 (RuTPU)RU\TPU\col\18696 |
| 801 | 2 | |a RU |b 63413507 |c 20210909 |g RCR | |
| 856 | 4 | |u https://design.lms.tpu.ru/course/view.php?id=112 | |
| 942 | |c CF | ||